1936 1247 1566 1574 1909 1560 1421 1455 1951 1575 1694 1273 1601 1945 1621 1393 1178 1402 1617 1057 1139 1665 1249 1771 1160 1515 1582 1486 1594 1828 1049 1772 1862 1973 1149 1003 1647 1850 1788 1096 1966 1801 1401 1730 1716 1209 1779 1994 1154 1119 1996 1593 1791 1539 1062 1525 1248 1574 1613 1644 1862 1094 1835 1282 1054 1292 1524 1693 1328 1892 1869 1417 1742 1766 1295 1684 1262 1799 1866 1085 1482 1971 1263 1319 1896 1982 1627 1881 1389 1724 1056 1843 1185 1415 1722 1972 1879 1209 1606 BCNSPRNW ULIB Ver.6.0+V

เปลี่ยนเป็นภาษาไทย

Change to English
 แสดงรายละเอียดบรรณานุกรม
  กลับหน้าหลัก

Brief Record : Get Marc (ISO 2709) : E-mail record : QR code < ปิดหน้าต่าง
LEADER : 00000nam 2200000uu 4500
001    13399120050
003     ULIB
008    020711s2552 th a 000 0 tha d
020    9786117057137
090    นว.^bฟ367ส
100    ฟ้าใส ไอรดา
245    สุดผืนทราย..ปลายทางแห่งรัก /^cฟ้าใส ไอรดา
260     กรุงเทพฯ^bSimply Book - Love Novels.,^c2552
300    182 หน้า
945    ^p150^l0^i15825
999    ^aทศพร เกษรทอง
รายการนี้ยังไม่มีแท็ก
คุณยังไม่ได้ล็อกอิน คุณสามารถมีกิจกรรมร่วมกับเว็บไซต์ได้ แต่ต้องล็อกอินก่อน ::
  ล็อกอิน

รายการสื่อสารสนเทศ

ลำดับที่ ประเภท เลขเรียก/บาร์โค้ด สถานที่ สถานะ
1. นวนิยาย
นวนิยาย
นว. ฟ367ส ฉ.1 
  Barcode: 15825
ห้องสมุดวิทยาเขตสวรรค์ประชารักษ์
►นวนิยาย
บนชั้น
  ขอยืม

รายการใกล้เคียง
    ผู้แต่ง [ฟ้าใส ไอรดา]

BibComment


ยังไม่เคยถูกคอมเมนท์

คอมเมนท์ทรัพยากรรายการนี้
  คอมเมนท์: สุดผืนทรายปลายทาง..


 Copyright 2026. Bcnsprnw @Library